Analýza a porovnanie internetových aplikácií na vedenie účtovníctva bakalárska práca

Na minha lista:
Detalhes bibliográficos
Autor principal: Szöllösová, Erika
Autor Corporativo: Fakulta hospodárskej informatiky EU. Katedra účtovníctva a audítorstva
Outros Autores: Matuský, Tomáš
Formato: Livro
Idioma:eslovaco
Publicado em: Bratislava 2018
Tags: Adicionar Tag
Sem tags, seja o primeiro a adicionar uma tag!

MARC

LEADER 00000nbm a2200000 4500
001 0245313
005 20181106084458.6
041 0 |a slo 
044 |a SK 
245 1 0 |a Analýza a porovnanie internetových aplikácií na vedenie účtovníctva  |b bakalárska práca  |c Erika Szöllösová ; školiteľ: Tomáš Matuský 
264 1 |a Bratislava  |c 2018 
300 |a 45 s. 
100 1 |a Szöllösová, Erika 
700 1 |a Matuský, Tomáš 
710 2 |a Fakulta hospodárskej informatiky EU. Katedra účtovníctva a audítorstva